000 00377 a2200121 4500
001 ART_49465
005 20260410162042.0
008 260409a
245 1 0 _aRégimen de estímulo fiscal para la construcción de viviendas sociales
100 1 _aSantacruz, Lidia M.
700 1 _aFerraro, Ricardo H.
773 0 _tImpuestos
_g- N°56 (jul. 2019)
_wREV45175
999 _c35034
_d35034